000 00716nam a2200253Ia 4500
003 OSt
005 20220918193403.0
006 a|||||r|||| 00| 0
007 ta
008 220917b |||||||| |||| 00| 0 eng d
024 _a72,898
037 _cTextual
040 _aARTS
_cARTS
_beng
041 _2eng
_aeng
082 _aR5xM18:g, L2
100 _aLang Berel ed
_981632
245 0 _aMarxism and art
_b writings in Aesthetics and criticism
260 _aNew York
_bDavid Mckay
_c1972
300 _aviii,470p.
_ccm.
650 _aAESTHETICS
700 _a Williams Forrest ed
_981633
942 _hR5xM18:g, L2
_cTEXL
_2CC
999 _c198839
_d198839